Complex variables and the Laplace transform for engineers (Record no. 13856)

000 -LEADER
fixed length control field 00606nam a22002051 4500
001 - CONTROL NUMBER
control field 13856
003 - CONTROL NUMBER IDENTIFIER
control field BD-DhUET
008 - FIXED-LENGTH DATA ELEMENTS--GENERAL INFORMATION
fixed length control field 840622s1961 nyua b 000 0 eng
040 ## - CATALOGING SOURCE
Original cataloging agency DLC
Transcribing agency DLC
Modifying agency BD-DhUET
082 00 - DEWEY DECIMAL CLASSIFICATION NUMBER
Classification number 517.862
Item number LEP/1961
100 ## - MAIN ENTRY--PERSONAL NAME
Personal name LePage, Wilbur R.
245 10 - TITLE STATEMENT
Title Complex variables and the Laplace transform for engineers
250 ## - EDITION STATEMENT
Edition statement 1st ed.
260 ## - PUBLICATION, DISTRIBUTION, ETC. (IMPRINT)
Place of publication, distribution, etc. Bombay
Name of publisher, distributor, etc. McGraw-Hill
Date of publication, distribution, etc. 1961
300 ## - PHYSICAL DESCRIPTION
Extent xvi, 475 p.
Other physical details ill.
Dimensions 24 cm.
490 ## - SERIES STATEMENT
Series statement International series in pure and applied mathematics
504 ## - BIBLIOGRAPHY, ETC. NOTE
Bibliography, etc Includes bibliographies
650 #0 - SUBJECT ADDED ENTRY--TOPICAL TERM
Topical term or geographic name as entry element Calculus - Complex variables
942 ## - ADDED ENTRY ELEMENTS (KOHA)
Koha item type General Book
Holdings
Date acquired Sublocation or collection (holding branch) Koha full call number Location (home branch) Withdrawn status Koha item type Lost status Damaged status Price effective from Shelving location Koha normalized classification for sorting Copy number Not for loan Koha date last seen Piece designation (barcode) Source of classification or shelving scheme
2015-03-05Central Library, BUET517.862/LEP/1961Central Library, BUET General Book  2015-03-05Circulation section517_862000000000000_LEP_19611 2015-03-0540116 
2015-03-05Central Library, BUET517.862/LEP/1961Central Library, BUET General Book  2015-03-05Circulation section517_862000000000000_LEP_19612 2015-03-0524385 
2015-03-07Central Library, BUET517.862/LEP/1961Central Library, BUET General Book  2015-03-07Circulation section517_862000000000000_LEP_19613 2015-03-076374 
2015-03-07Central Library, BUET517.862/LEP/1961Central Library, BUET General Book  2015-03-07Circulation section517_862000000000000_LEP_19614 2015-03-0751027 
2015-03-07Central Library, BUET517.862/LEP/1961Central Library, BUET General Book  2015-03-07Circulation section517_862000000000000_LEP_19615 2015-03-0720963 
2015-03-07Central Library, BUET517.862/LEP/1961Central Library, BUET General Book  2015-03-07Circulation section517_862000000000000_LEP_19616 2015-03-0742659 
2015-03-07Central Library, BUET517.862/LEP/1961Central Library, BUET General Book  2015-03-07Circulation section517_862000000000000_LEP_19617 2015-03-0740115 
2015-03-07Central Library, BUET517.862/LEP/1961Central Library, BUET General Book  2015-03-07Circulation section517_862000000000000_LEP_19618 2015-03-0739671 
2015-03-07Central Library, BUET517.862/LEP/1961Central Library, BUET General Book  2015-03-07Circulation section517_862000000000000_LEP_19619 2015-03-0739670 
2015-03-07Central Library, BUET517.862/LEP/1961Central Library, BUET General Book  2015-03-07Circulation section517_862000000000000_LEP_196110 2015-03-0742660 
2015-03-09Central Library, BUET517.862/LEP/1961Central Library, BUET General Book  2015-03-09Circulation section517_862000000000000_LEP_196111 2015-03-0942661 
2015-03-09Central Library, BUET517.862/LEP/1961Central Library, BUET General Book  2015-03-09Circulation section517_862000000000000_LEP_196112 2015-03-0951026 
2015-05-03Central Library, BUET517.862/LEP/1961Central Library, BUET General Book  2015-05-03Circulation section517_862000000000000_LEP_196113 2015-05-032039 
2015-05-03Central Library, BUET517.862/LEP/1961Central Library, BUET General Book  2015-05-03Circulation section517_862000000000000_LEP_196114 2015-05-036375 
2015-05-03Central Library, BUET517.862/LEP/1961Central Library, BUET General Book  2015-05-03Circulation section517_862000000000000_LEP_196115 2015-05-032041 
2015-05-03Central Library, BUET517.862/LEP/1961Central Library, BUET General Book  2015-05-03Circulation section517_862000000000000_LEP_196116 2015-05-032040